Normal view
MARC view
Entry Personal Name
001 - CONTROL NUMBER
- control field: 1118854
003 - CONTROL NUMBER IDENTIFIER
- control field: OSt
005 - DATE AND TIME OF LATEST TRANSACTION
- control field: 20260302114451.0
008 - FIXED-LENGTH DATA ELEMENTS
- fixed length control field: 260302|| aca||aabn | a|a d
040 ## - CATALOGING SOURCE
- Original cataloging agency: OSt
- Transcribing agency: OSt
100 ## - HEADING--PERSONAL NAME
- Personal name: Jacques Lezra
670 ## - SOURCE DATA FOUND
- Source citation: Work cat.: (OSt)1682653: Jacques Lezra, Untranslating Machines A Genealogy for the Ends of Global Thought
